| 000 | 00345nam a2200133Ia 4500 | ||
|---|---|---|---|
| 008 | 210210b1973 xxu||||| |||| 00| 0 eng d | ||
| 082 | _a954.029 ISHI | ||
| 100 | _aPRASAD (Ishwari). | ||
| 245 | _aIndia in the eighteenth century. | ||
| 260 |
_aAllahabad _bChugh publications _c1973 |
||
| 300 | _a284 | ||
| 690 | _aIndian History | ||
| 906 | _a031698 | ||
| 999 |
_c82687 _d82687 |
||